| 000 | 00799nam a22002177a 4500 | ||
|---|---|---|---|
| 999 |
_c17883 _d17883 |
||
| 003 | AR-CdUCM | ||
| 008 | 190223b ||||| |||| 00| 0 spa d | ||
| 040 |
_aMUNICIPALIDAD PROVINCIAL DEL CUSCO _cBIBLIOTECA MUNICIPAL DEL CUSCO |
||
| 082 |
_a869.5008 / _bG186 |
||
| 100 |
_aGamarra, Abelardo _91457 |
||
| 245 | _aCien años de vida perdularia / | ||
| 260 |
_aLima : _bEdiciones de la Comisión Nacional de Cultura, _c1963. |
||
| 300 |
_a262 páginas ; _c20 cm. |
||
| 440 |
_aComisión nacional de cultura _n 5 _938095 |
||
| 505 | _aContenido : Los pueblos de pelagatos -- El patriocabulismo -- La mamacha -- Quienes son los de la capital... | ||
| 650 |
_aLiteratura peruana _9169 |
||
| 650 |
_aNarrativa _967 |
||
| 650 |
_aCuentos costumbristas _91460 |
||
| 942 |
_2ddc _cLIBROS |
||
| 945 | _arcc | ||